| RUSMARC |
| 000 | | | 06212cbm0a2200325#x 450 | | 001 | | | 2826e045-9366-4b6e-843e-2e7c6bfacb83 | | 005 | | | 20250929163331.0 | | 100 | ## | $a | 20250929j19440329k###0rusy50 ca | | 101 | 0# | $a | rus | | 102 | ## | $a | RU | | 105 | ## | $a | y###z######## | | 122 | 0# | $a | d19440329## | | 200 | 1# | $a | Постановление ГКО СССР № 5509 сс о первоочередных мероприятиях по восстановлению промышленности и городского хозяйства Ленинграда в 1944 г., с приложением планов военного судостроения, производства предметов вооружения, запасных частей, валовой и промышленной продукции, жидкой стали, проката и чугунного литья, выпуска важнейших видов боеприпасов и изделий, восстановления мартеновских печей и электропечей по выплавке стали, прокатных станов, ввода в эксплуатацию вагранок, ремонта оборудования, лесовывозки, ввода жилой площади по наркоматам и ведомствам, завоза рабочих в город, распределения оканчивающих ремесленные училища и школы ФЗО на предприятия; справок об основных показателях развития городского хозяйства города Ленинграда, объеме капитальных работ, сетях и контингентах ремесленных и железнодорожных училищ и школ ФЗО, количестве молодежи, призываемой в ремесленные и железнодорожные училища и школы ФЗО; списков восстанавливаемых предприятий города Ленинграда и строек; докладной записки Вознесенского Н. А., Жданова А. А. Сталину И. В. и справки о согласовании проекта постановления ГКО | | | $j | 29 марта 1944 г. | | 251 | ## | $c | Документ | | 300 | ## | $a | Рассылочный и подлинный экземпляры | | 461 | #0 | $1 | 2001 | | | $a | Ф. 644 | | | $1 | 251 | | | $c | Фонд | | | $1 | 852 | | | $j | 644 | | 462 | #0 | $1 | 2001 | | | $a | Оп. 1 | | | $1 | 251 | | | $c | Опись | | | $1 | 852 | | | $j | 1 | | 601 | 01 | $2 | nlr_sh | | | $3 | RU\NLR\AUTH\6601614128 | | | $a | СССР | | | $b | Государственный Комитет Обороны | | | $x | История | | | $z | 1941 - 1945 | | | $j | Документы и материалы | | 605 | ## | $2 | prlib_sh | | | $3 | LIBNET\UAF\0000088514 | | | $a | Вторая мировая война в архивных документах (Комплекс оцифрованных архивных документов, кино- и фотоматериалов) | | | $l | коллекция | | 605 | ## | $2 | acquisition_Prlib | | | $3 | DITM\AF\0000002775 | | | $a | Власть | | | $l | коллекция | | 606 | 1# | $2 | nlr_sh | | | $3 | RU\NLR\AUTH\66190098 | | | $a | Великая Отечественная война | | | $z | 1941 - 1945 | | | $y | Ленинград, город | | | $j | Документы и материалы | | 606 | 1# | $2 | nlr_sh | | | $3 | RU\NLR\AUTH\6601731960 | | | $a | Промышленность | | | $y | Ленинград, город | | | $z | 1941 - 1945 | | | $j | Документы и материалы | | 607 | ## | $2 | nlr_sh | | | $3 | RU\NLR\AUTH\66304895 | | | $a | Ленинград, город | | | $x | Восстановление | | | $z | 1944 - 1945 | | | $j | Документы и материалы | | 686 | ## | $a | 63.3(2)622,13ю1 | | | $v | LBC/M | | | $2 | rubbk | | 686 | ## | $a | 65.03(2)622ю1 | | | $v | LBC/M | | | $2 | rubbk | | 801 | #0 | $a | RU | | | $b | ПБ им. Б.Н. Ельцина | | | $c | 20250929 | | 801 | #1 | $a | RU | | | $b | ПБ им. Б.Н. Ельцина | | | $c | 20250929 | | | $2 | rusmarc | | 801 | #2 | $a | RU | | | $b | ПБ им. Б.Н. Ельцина | | | $c | 20250929 | | | $2 | rusmarc | | 850 | ## | $a | Российский государственный архив социально-политической истории | | 852 | ## | $a | РГАСПИ | | | $j | Д. 222. Л. 131-239; Оп. 2. Д. 300. Л. 88-191об. | | 035 | ## | $a | LIBNET\0001501184 | | 937 | ## | $d | 197732141 | | | $h | Федеральное архивное агентство | | 856 | 4# | $u | http://readingroom.main.prlib.ru/item.aspx?id_node=n197732141&mode=full |
|